Weird Geography Facts: True or False (Part 2) - Statistics

General Stats
  • This quiz has been taken 392 times
  • The average score is 5 of 8
Answer Stats
Question Answer % Correct
It has never snowed in the Sahara desert False
82%
60% of the population is located in the Southern Hemisphere False
81%
Saudi Arabia has no rivers True
81%
Every continent (besides Antarctica) has a city called Roma True
69%
Russia borders 20 countries False
65%
Juneau, Alaska is bigger than the entire state of Delaware True
60%
Florida is the closest state to Africa False
53%
Without including its lakes, Canada is smaller than the USA True
50%
No matching quizzes found
Score Distribution
Percent of People with Each Score
Percentile by Number Answered
Your Score History
You have not taken this quiz